Charli xcx - Pop 2 - Statistics

General Stats
  • This quiz has been taken 7 times
  • The average score is 5 of 10
Answer Stats
2017 Pop 2 % Correct
10 Track 10
83%
1 Backseat (feat. Carly Rae Jepsen)
67%
4 Tears (feat. Caroline Polachek)
67%
5 I Got It (feat. Brooke Candy, CupcakKe and Pabllo Vittar)
50%
3 Lucky
50%
8 Unlock it (Lock It) (feat. Kim Petras and Jay Park)
50%
6 Femmebot (feat. Dorian Electra and Mykki Blanco)
33%
9 Porsche (feat. MØ)
33%
7 Delicious (feat. Tommy Cash)
17%
2 Out of My Head (feat. Tove Lo and ALMA)
17%
No matching quizzes found
Score Distribution
Percent of People with Each Score
Percentile by Number Answered
Your Score History
You have not taken this quiz